000 00408nam a22001577a 4500
003 MPLRDC
005 20220104114727.0
008 210129b ||||| |||| 00| 0 eng d
082 _a221.34 XLJ
100 _a夏莲居老居士会集
245 _a佛说大乘无量寿庄严清净平等觉经会集读本
_c
260 _a
_b十方佛弟子
_c1989
300 _b
650 _a
942 _cBK
_o221.34 XLJ
999 _c9748
_d9738